Georgia - Phoebe Bridgers (Lyrics) - Statistics

General Stats
  • This quiz has been taken 20 times
  • The average score is 132 of 169
Answer Stats
Answer % Correct
I
100%
love
100%
me
100%
me?
100%
you
100%
a
92%
And
92%
and
92%
be
92%
Georgia
92%
has
92%
he
92%
He
92%
if
92%
If
92%
one
92%
so
92%
So
92%
the
92%
when
92%
will
92%
Will
92%
your
92%
beautiful
83%
bones
83%
fall
83%
fall?
83%
get
83%
in
83%
know
83%
lies
83%
might
83%
never
83%
older
83%
or
83%
phone
83%
son
83%
gets
75%
He'll
75%
his
75%
picks
75%
that
75%
to
75%
up
75%
again
67%
back
67%
fix
67%
hate
67%
have
67%
let
67%
mud
67%
pouring
67%
rain
67%
sometimes
67%
you're
67%
all
58%
at
58%
dreamt
58%
drowned
58%
find
58%
fuck
58%
my
58%
this
58%
us
58%
watch
58%
would
58%
clean
50%
Here
50%
is
50%
kill
50%
looks
50%
machine
50%
needs
50%
new
50%
sees
50%
take
50%
With
50%
young
50%
breathe
42%
came
42%
day
42%
here's
42%
He's
42%
it
42%
plan
42%
shoreline
42%
water
42%
without
42%
addition
33%
sound
33%
through
33%
fine
25%
No matching quizzes found
Score Distribution
Percent of People with Each Score
Percentile by Number Answered
Your Score History
You have not taken this quiz